000 00715nam a2200265Ia 4500
003 OSt
005 20220924124749.0
006 a|||||r|||| 00| 0
007 ta
008 220923b |||||||| |||| 00| 0 urd d
020 _c4
024 _a323933
037 _cTextual
040 _aARTS
_cARTS
_burd
041 _2urd
_aurd
082 _aZ(Q7),12, 168L2
100 _aMahmood Tahir Au.
245 0 _aMuslim personal law ke tahaffuz ka masla
260 _aNew Delhi
_b Zakir Hussain insturdte India
_c1972
300 _a108p.
_ccm.
650 _a MUSLIMS
_926356
650 _aLAW
_97240
942 _hZ(Q7),12, 168L2
_cTEXL
_2CC
999 _c420887
_d420887